000 00774nam a2200241 a 4500
008 951121s1986||||[C 0 slo c
020 _c32 Kčs.
_q(10000 výtl.)
040 _aSNK
_bslo
_cSNK
_eAACR2
041 1 _aslo
_hspa
044 _axo
_cSK
080 _a860(729.1)-3
100 1 _aEguren, Gustavo
_4aut
245 1 0 _aDobrodružstvá Gašpara Péreza Nehryzova
_cGustavo Eguren ; Vladimír Oleríny, Vladimír Oleríny, Adela Jakabová
250 _a1., vyd.
260 _aBratislava
_bPravda
_c1986
_eBratislava
_fPravda
300 _a317 s., 17,21 ah.
_c21 cm
490 0 _aMaják
500 _aIlustr. na front. a predsádkach.
700 1 _aOleríny, Vladimír
_4trl
700 1 _aOleríny, Vladimír
_4[ADC]
700 1 _aJakabová, Adela
_4bkd
958 _aA
999 _c10497
_d10497